Statistics for Counties of Estonia

Click here to take the quiz!

General Stats

  • This quiz has been taken 45 times
  • The average score is 12 of 15

Answer Stats

PopulationRegion% Correct
87,681Pärnu County
95%
33,925Saare County
95%
154,819Tartu County
95%
610,468Harju County
89%
9,580Hiiu County
89%
142,562Ida-Viru County
89%
21,174Lääne County
89%
29,571Valga County
84%
47,563Viljandi County
84%
60,694Lääne-Viru County
79%
33,774Rapla County
74%
31,082Järva County
68%
29,544Jõgeva County
68%
36,897Võru County
68%
25,655Põlva County
63%

Score Distribution

Percentile by Number Answered

Percent of People with Each Score

Your Score History

You have not taken this quiz